Plantilla Las Palmas 2023/24 - Estadísticas

Estadísticas generales
  • Esta prueba ha sido intentada 93 veces
  • La puntuación promedio es 19 de 29
Estadísticas de respuestas
Imagen Respuesta % Correcto
Álvaro Valles
98%
Sandro Ramírez
95%
Julián Araujo
94%
Kirian Rodríguez
94%
Alberto Moleiro
91%
Munir El Haddadi
86%
Sergi Cardona
86%
Marvin Park
84%
Saúl Coco
83%
Mika Mármol
79%
Sory Kaba
79%
Enzo Loiodice
76%
Marc Cardona
76%
Aarón Escandell
73%
Álex Suárez
71%
Francisco Pejiño
69%
Javi Muñoz
64%
Juanma Herzog
61%
Omenuke Mfulu
60%
Máximo Perrone
59%
Benito Ramírez
54%
Daley Sinkgraven
50%
Álvaro Lemos
49%
Cristian Herrera
45%
Eric Curbelo
43%
Fábio González
38%
Pau Ferrer
28%
Álvaro Killane
25%
Iñaki González
25%
No se encontraron pruebas coincidentes
Distribución de puntuación
Porcentaje de gente con cada puntuación
Porcentaje por número respondido
Historial de tus puntuaciones
No has intentado esta prueba.